书目信息 |
| 题名: |
特殊环境生理学
|
|
| 作者: | 吕永达 霍仲厚 | |
| 分册: | ||
| 出版信息: | 北京 军事医学科学出版社 2003 |
|
| 页数: | 338 | |
| 开本: | 26cm | |
| 丛书名: | ||
| 单 册: | ||
| 中图分类: | R339.5 | |
| 科图分类: | ||
| 主题词: | 人体生理学 | |
| 电子资源: | ||
| ISBN: | 7-80121-461-7 | |
| 000 | 00554nam0 2200181 450 | |
| 001 | 0741144344 | |
| 005 | 20070817112544.34 | |
| 010 | @a7-80121-461-7@b精装@d¥56.00 | |
| 100 | @a20070817d km y0chiy0120 ea | |
| 101 | 0 | @achi |
| 200 | 1 | @a特殊环境生理学@Ate shu huan jing sheng li xue@f吕永达 霍仲厚@Flu yong da huo zhong hou |
| 210 | @a北京@c军事医学科学出版社@d2003 | |
| 215 | @a338@d26cm | |
| 606 | 0 | @a人体生理学 |
| 690 | @aR339.5@v3 | |
| 701 | 0 | @a吕永达 霍仲厚@Alu yong da huo zhong hou |
| 801 | 0 | @aCN@bPFT@c20070817 |
| 905 | @a213230@dR339.5@en1@f1 | |
| 特殊环境生理学/吕永达 霍仲厚.-北京:军事医学科学出版社,2003 |
| 338;26cm |
| ISBN 7-80121-461-7(精装):¥56.00 |
| ● |
| 相关链接 |
|
|
|
|
正题名:特殊环境生理学
索取号:R339.5/n1
 
预约/预借
| 序号 | 登录号 | 条形码 | 馆藏地/架位号 | 状态 | 备注 |
| 1 | 6600908 | 266009080 | 密集书库-生命科学系/ [索取号:R339.5/n1] | 在馆 |